| 000 | 00571nam a2200205Ia 4500 | ||
|---|---|---|---|
| 008 | 140110s9999 xx 000 0 und d | ||
| 020 |
_a9788121210188 _cRs.750.00 |
||
| 040 | _aLoreto College | ||
| 041 | _aEnglish | ||
| 082 |
_a378/SIN _bLCLIB/47979 |
||
| 100 | _aSingh Chaudhari, Umrao | ||
| 245 |
_aHigher education _bToday and tomorrow _cUmrao Singh Chaudhari |
||
| 260 |
_aNew Delhi _bGyan Publishing _c2009 |
||
| 300 |
_a258p _c22cm |
||
| 504 | _aIncludes index | ||
| 650 | _aEducation | ||
| 651 | _aHigher Education | ||
| 850 | _aLCLIB/378/SIN | ||
| 942 | _cBK | ||
| 999 |
_c36424 _d86903 |
||